घराला मुकलेल्या स्त्रिया व काळाची चाहूल (Record no. 182504)

MARC details
000 -LEADER
fixed length control field 00624nam a2200145Ia 4500
008 - FIXED-LENGTH DATA ELEMENTS--GENERAL INFORMATION
fixed length control field 090124s9999 xx 000 0 und d
082 ## - DEWEY DECIMAL CLASSIFICATION NUMBER
Item number 200935
245 ## - TITLE STATEMENT
Title घराला मुकलेल्या स्त्रिया व काळाची चाहूल
250 ## - EDITION STATEMENT
Edition statement 1
260 ## - PUBLICATION, DISTRIBUTION, ETC. (IMPRINT)
Name of publisher, distributor, etc बेडेकर मालती
Date of publication, distribution, etc 1962
300 ## - PHYSICAL DESCRIPTION
Extent 238
630 ## - SUBJECT ADDED ENTRY--UNIFORM TITLE
Uniform title घराला मुकलेल्या स्त्रिया व काळाची चाहूल
730 ## - ADDED ENTRY--UNIFORM TITLE
Uniform title घराला मुकलेल्या स्त्रिया व काळाची चाहूल
942 ## - ADDED ENTRY ELEMENTS (KOHA)
Koha item type Book
Holdings
Withdrawn status Lost status Damaged status Not for loan Home library Current library Date acquired Cost, normal purchase price Total Checkouts Full call number Barcode Date last seen Cost, replacement price Price effective from Koha item type
        Marathi Granth Sangrahalaya,Thane Marathi Granth Sangrahalaya,Thane   7.00   200935 THNMGS-200935 01/24/2009 7.00 01/24/2009 Book